Quizzes
Events
Quiz Creation
Community
Videos
Private Events
Remove Ads
Sign In
Join for FREE
Feedback
Dark Mode
Quiz Categories
Sports
Geography
Music
Movies
Television
Just For Fun
Miscellaneous
History
Literature
Language
Science
Gaming
Entertainment
Religion
Holiday
For Kids
Quiz Lab
Recent
Popular Today
Quiz Kudos Today
Editor Picks
Curator Picks
Quizzes by...
Day
Popularity
Type
Ratings
Length
Year
Community
Subscriptions
Recent Discussions
Orange Saloon
Badges
Playlists
Quests
Create
Leaderboards
Showdown
Live 5
Trivia Bingo
Activity
Puzzle Library
Sporcle Events
Private Events
Virtual Trivia
Globe League
Become a Host
Pub Owners
SporcleCon
Opinionation
Our Games
Videos
Blog
Mobile Apps
Partnerships
Remove Ads and Go Orange
Feedback
Science
Computer
Plants
Astronomy
Chemistry
Elements
Math
Animal
Physics
Anatomy
Biology
Geology
General Science
Science
Computer
Plants
Astronomy
Chemistry
Elements
Math
Animal
Physics
Anatomy
Biology
Geology
General Science
Random Quiz
Search Sporcle
×
Quiz Lab
Quiz Lab
Science
emotion
Type in answers that appear in a list
Type in answers that appear in a list
Classic
Best Score? Go Orange.
Motivation and Emotion Stats
Can you name the Motivation and Emotion?
By
PsychProf101
10m
32 Questions
26 Plays
26 Plays
26 Plays
Comments
Comments
Give Quiz Kudos
Give Quiz Kudos
-
- Ratings
hide this ad
Replay
Link that replays current quiz
Next Quiz
Link to next quiz in quiz playlist
You Got
0%
They Got
Avg Score
19%
Avg Friend Score
Upgrade to see
Score Distribution
Jump to the score distribution portion of the page
Score
0/32
Timer
10:00
0
Plays Today
hint
term
% Correct
a balanced internal state
homeostasis
96.2%
eating disorder including dieting and starvation
anorexia
69.2%
5 levels, top is self-
acutalization
hierarchy of needs
61.5%
eating disorder including overeating and purging
bulimia
61.5%
hormone produced by fat cells
leptin
34.6%
blood sugar energizes body
glucose
30.8%
brain area -
hunger on switch
lateral hypothalamus
30.8%
We get hungry, we eat
drive reduction theory
26.9%
brain area -
hunger off switch
ventromedial hypothalamus
26.9%
I am happy because I am smiling
james-lange theory
26.9%
weight thermostat
set point theory
23.1%
your arousal system
sympathetic nervous system
19.2%
hunger-
arousing hormone secreted by an empty stomach
ghrelin
15.4%
I am happy because I am smiling and I feel happy too
cannon-bard theory
15.4%
your calming system
parasympathetic nervous system
15.4%
all behavior is to increase our chances of survival/
reproduction
evolutionary theory
11.5%
hint
term
% Correct
hormone in digestive tract
pyy
11.5%
even in a state of homeostasis, we still seek stimulation
arousal theory
7.7%
stimuli lure or repel us to behave
cognitive theory
7.7%
includes a cognitive appraisal of emotion
schachter-singer theory
7.7%
hormone secreted by the hypothalamus
neuropeptide y
3.8%
application of psychology in the workplace
io psychology
3.8%
If you are already physiologically aroused then you will have a higher response to a new emotional event
spillover effect
3.8%
people’s tendency to be helpful when they are already in a good mood
feel good do good phenomenon
3.8%
self-
perceived satisfaction with one’s own life
subjective well being
3.8%
the perception that we are always worse off to whomever we compare ourselves to
relative deprivation
3.8%
stages of General Adaptation Syndrome in order
alarm reaction, resistance, exhaustion
3.8%
sexual response cycle in order
excitement, plateau, orgasm, resolution
0%
we perform our best when our level of arousal is optimal
yerkes-dodson law
0%
region of dopamine in frontal lobe
nucleus accumbens
0%
releasing aggressive energy through action or fantasy reduces anger
catharsis hypothesis
0%
we judge stimuli relative to whatever we have previously experienced
adaptation level phenomenon
0%
Quiz Playlist
Details
Report
Send in Message
Add To Playlist
Classic:
Type in answers that appear in a list
Last Updated: Feb 16, 2017
Quiz Scoreboard
CHALLENGE
Sign Up to Join the Scoreboard
Show All
Scores
Hide
Comments
May contain spoilers
Recently Published
TV Characters by Other Roles V
by ghcgh
Television
5m
Decade Duel: World Leaders
by jenniferyan
History
4m
Alphabetical 'K' Countries by Flag Minefield
by ylime102
Geography
3m
More to Explore
Quiz From the Vault
Featured Blog Post
15 Basketball Trivia Facts You Can Be March Mad About
hide this ad
You Might Also Like...
Tags
emotion
Motivation
Term
Today's Top Quizzes in Science
Browse Science
hide this ad
Today's Top Quizzes in emotion
Browse emotion
Top Contributed Quizzes in Science
1
Pick 6: Animals
2
Group Clicking: Animals II
3
Find the Spring Animals
4
what months are considered part of the spring season/us
5
The First 100 Digits of Pi
6
Why is the sky blue? And other physics questions.
7
Flowers by Accent Chairs
8
Needlepoint Flowers
9
Label the Skeleton -
10
Needlepoint Flowers II
Explore More
Trending Topics
Crossword
Kpop
Marvel
Anime
Disney
NBA
Harry Potter
WWE
NFL
Country
Puzzle
Pokémon
Song
Soccer
The Office
hide this ad
More By:
PsychProf101
Quiz
Plays
Rating
Category
Featured
Created
Neuroscience - The Neuron
1,729
2.33
Science
May 20, 2011
Famous Psychologists
1,725
5.00
Science
May 19, 2011
Neuroscience - Brain Terms
1,484
2.00
Science
May 20, 2011
Research Methods
103
Science
May 20, 2011
Social Psychology
78
Science
Jun 3, 2011
Go to Creator's Profile
Score Distribution
Quiz Creator Spotlight
PsychProf101
Follow
Send a Message
Quizzes Created
-
Created Quiz Play Count
-
More By This Creator
Popular Quizzes Today
1
Countries of Asia Without Outlines Minefield
2
Find the US States - No Outlines Minefield
3
Pick 6: Fruits
4
The Countries of the World
5
Find the Countries of Europe - No Outlines Minefield
6
Alphabetical 'K' Countries by Flag Minefield
7
US States
8
Find the US States
More Science Quizzes
Sahara Animals
Published
Trending Quizzes
Pick 6: Mountains
Pick 6: Harry Potter
Pick 6: Flags
Pick 6: NFL Teams
C Names for Actors
Recently Updated
Adaptations: Name the Title
pecheneg
NWSL Teams
pecheneg
Women's Final Four Teams by Year
bhenderson79
Presidents Quartet II
eogle
Anything But Clue(do)
eogle
Anything But Oceanian Capitals
eogle
Anything But 7
eogle
Anything But Thing
eogle
Word Ladder: February 29
pecheneg
Song Title Questions
pecheneg
Trending Topics
Crossword
Harry Potter
Anime
Marvel
Kpop
Disney
NBA
Country
NFL
Puzzle
Soccer
WWE
The Office
Song
Pokémon
Your Account Isn't Verified!
In order to create a playlist on Sporcle, you need to verify the email address you used during registration. Go to your
Sporcle Settings
to finish the process.
Report this User
Report this user for behavior that violates our
Community Guidelines
.
Details:
Send Report
Go to the Sporcle.com Mobile Site →
Comments